Sudden Death: Island Countries - Statistics

General Stats
  • This quiz has been taken 71 times
  • The average score is 10 of 15
Answers on the Grid
Answers color-coded by a green-red scale on the quiz's grid according to % correct below.
Papua New Guinea
Tonga
Malaysia
Indonesia
Djibouti
Samoa
Lesotho
Guinea-Bissau
St. Kitts and Nevis
Malta
Mauritania
Haiti
Nepal
Taiwan
Japan
Eritrea
Burundi
Seychelles
Ireland
Myanmar
Singapore
Laos
Mozambique
Cape Verde
Tajikistan
Federated States of Micronesia
Philippines
Chile
Suriname
Belize
 
Answer Stats
Answer % Correct
Papua New Guinea
83%
Tonga
83%
Ireland
75%
Malta
73%
Indonesia
68%
Japan
68%
Philippines
68%
Samoa
68%
St. Kitts and Nevis
68%
Federated States of Micronesia
63%
Taiwan
63%
Haiti
60%
Seychelles
60%
Cape Verde
55%
Singapore
50%
No matching quizzes found
Score Distribution
Percent of People with Each Score
Percentile by Number Answered
Your Score History
You have not taken this quiz